Títulos reales y nobiliarios de España - Estadísticas

Estadísticas generales
  • Esta prueba ha sido intentada 3.106 veces
  • La puntuación promedio es 7 de 11
Estadísticas de respuestas
Tipo Título % Correcto
Real Rey de España
99%
Real Príncipe de Asturias
90%
Nobiliario Duque
87%
Nobiliario Conde
83%
Nobiliario Marqués
68%
Real Infante de España
67%
Nobiliario Vizconde
42%
Nobiliario Barón
41%
Nobiliario Señor
40%
Nobiliario Grande de España
23%
Nobiliario Hidalgo
23%
No se encontraron pruebas coincidentes
Distribución de puntuación
Porcentaje de gente con cada puntuación
Porcentaje por número respondido
Historial de tus puntuaciones
No has intentado esta prueba.